Matemáticas avanzadas para ingeniería y ciencias (Registro nro. 9855)
[ vista simple ]
| 000 -Cabecera | |
|---|---|
| Campo de control de longitud fija | 01139nam a22004457a 4500 |
| 005 - Fecha y hora de la última transacción | |
| Campo de control | 20251107182725.0 |
| 008 - Elementos de longitud fija--Información general | |
| Campo de control de longitud fija | 170921b1999 xxu||||| |||| 00| 0 spa d |
| 020 ## - International Standard Book Number | |
| Número Internacional Estándar del Libro (ISBN) | 9701029852 |
| 041 ## - Idioma | |
| Código de idioma | Español |
| 082 ## - Clasificación Decimal Dewey | |
| Número de clasificación | 510 S755m |
| 100 ## - Entrada principal--Autor personal | |
| Nombre personal | Spiegel, Murray |
| 9 (RLIN) | 6080 |
| 245 ## - Título propiamente dicho | |
| Título | Matemáticas avanzadas para ingeniería y ciencias |
| 260 ## - Pie de imprenta | |
| Lugar de publicación, distribución, etc. | México |
| 260 ## - Pie de imprenta | |
| Nombre del editor, distribuidor, etc. | McGraw-Hill |
| 260 ## - Pie de imprenta | |
| Fecha de publicación, distribución, etc. | 1999 |
| 300 ## - Descripción física | |
| Extensión | 498 páginas |
| 490 ## - Serie | |
| Título de la Serie | Temática General |
| 650 ## - Materia general | |
| Temática (materia general) | MATEMÁTICAS |
| 650 ## - Materia general | |
| Temática (materia general) | ÁLGEBRA |
| 650 ## - Materia general | |
| Temática (materia general) | ECUACIONES DIFERENCIALES |
| 650 ## - Materia general | |
| Temática (materia general) | TRANSFORMADAS DE LAPLACE |
| 650 ## - Materia general | |
| Temática (materia general) | ANÁLISIS VECTORIAL |
| 650 ## - Materia general | |
| Temática (materia general) | INTEGRALES DE LÍNEA |
| 650 ## - Materia general | |
| Temática (materia general) | TEOREMA DE INTEGRALES |
| 650 ## - Materia general | |
| Temática (materia general) | SERIE DE FOURIER |
| 650 ## - Materia general | |
| Temática (materia general) | INTEGRALES DE FOURIER |
| 650 ## - Materia general | |
| Temática (materia general) | FUNCIONES DE BESSEL |
| 650 ## - Materia general | |
| Temática (materia general) | FUNCIONES ESPECIALES |
| 650 ## - Materia general | |
| Temática (materia general) | FUNCIONES DE LEGEMBRE |
| 650 ## - Materia general | |
| Temática (materia general) | FUNCIONES ORTOGONALES |
| 650 ## - Materia general | |
| Temática (materia general) | VARIABLES COMPLEJAS |
| 650 ## - Materia general | |
| Temática (materia general) | MATRICES |
| 650 ## - Materia general | |
| Temática (materia general) | CÁLCULO DE VARIACIONES |
| 942 ## - Punto de acceso adicional KOHA | |
| Tipo de ítem KOHA | Libro |
| Fuente del sistema de clasificación o colocación | Dewey Decimal Classification |
| Signatura completa | Código de barras | Programa Académico | Tipo de ítem |
|---|---|---|---|
| 510 S755m | 8056 | Libro |